000
00314nam a22001337a 4500
008
181031b xxu||||| |||| 00| 0 eng d
020
_a
394355784
041
_a
eng
080
_a
330.722
100
_a
61
101
_a
KON
245
_a
Financial Accouting Student Mastery Guide
_c
Eskew,R,K
942
_2
udc
_c
BK
999
_c
51281
_d
51281